000 00683nam a2200265Ia 4500
003 OSt
005 20221007110925.0
006 a|||||r|||| 00| 0
007 ta
008 221006b |||||||| |||| 00| 0 eng d
020 _a1859414605
024 _a22,161
037 _cTextual
040 _aLCO
_cLCO
_beng
041 _2eng
_aeng
082 _aZ1,6, N9
100 _aMayss Abla J.
_9707998
245 0 _aPrinciples of Conflict of Laws
250 _a2nd
260 _aLondon
_bCavendish Publishing Limited U.K.
_c1999
300 _a464
650 _aCONFLICT OF LAWS
_9691085
942 _hZ1,6, N9
_cTEXL
999 _c1191724
_d1191724